00460nam a2200157Ia 4500008004100000020001700041082001500058100002500073245004600098250000800144260004200152300001800194500001900212600002100231650005000252240925s9999 xx 000 0 und d a978933255051 a005.43 HOL aTanenbaum, Andrew S. 0aOperating Systems Design and Implemention a1st aNew Delhi:bPearson Educationc,2015. a580p.bNAfNA aIncludes Index aComputer Science aComputer science, information & general works